BIBLIOTECA

SENCICO

Proyecto Carretera Canta-Chocas (1 Km) (Registro nro. 3239)

Detalles MARC
000 -LEADER
fixed length control field 00657nam a2200241Ia 4500
005 - DATE AND TIME OF LATEST TRANSACTION
control field 20251020182607.0
008 - FIXED-LENGTH DATA ELEMENTS--GENERAL INFORMATION
fixed length control field 200515s9999 xx 000 0 und d
082 ## - DEWEY DECIMAL CLASSIFICATION NUMBER
Classification number SC/528.41/S66
100 ## - MAIN ENTRY--PERSONAL NAME
Personal name ANTONIO SOLLER, César
100 ## - MAIN ENTRY--PERSONAL NAME
Personal name GÓMEZ BRAVO, Carlos Antonio
100 ## - MAIN ENTRY--PERSONAL NAME
Personal name MENDOZA HINOSTROZA, Guillermo M.
100 ## - MAIN ENTRY--PERSONAL NAME
Personal name MONTENEGRO PEÑAFIEL, Juan Omar
100 ## - MAIN ENTRY--PERSONAL NAME
Personal name QUESQUEN FERNANDEZ, Enrique Vicente
100 ## - MAIN ENTRY--PERSONAL NAME
Personal name SARDÓN MEZA, José Francisco
245 #0 - TITLE STATEMENT
Title Proyecto Carretera Canta-Chocas (1 Km)
260 ## - PUBLICATION, DISTRIBUTION, ETC.
Place of publication, distribution, etc. Lima
260 ## - PUBLICATION, DISTRIBUTION, ETC.
Date of publication, distribution, etc. 195
300 ## - PHYSICAL DESCRIPTION
Extent 49
650 ## - SUBJECT ADDED ENTRY--TOPICAL TERM
Topical term or geographic name entry element CARRETERAS
650 ## - SUBJECT ADDED ENTRY--TOPICAL TERM
Topical term or geographic name entry element M-SENC
650 ## - SUBJECT ADDED ENTRY--TOPICAL TERM
Topical term or geographic name entry element TOPOGRAFIA
942 ## - ADDED ENTRY ELEMENTS (KOHA)
Koha item type Libros
Existencias
Fecha de la última vez que lo usaron Pago total Signatura topográfica completa Código de barras Precio efectivo desde Tipo de documento Estado perdido Estado dañado No es para préstamo Retirado Ubicación permanente Ubicación actual Fecha de adquisición
15/05/2020   SC/528.41/S66 Bib-Lima15053239 15/05/2020 Libros         Biblioteca Central Lima Biblioteca Central Lima 15/05/2020